000 00302nam a2200145Ia 4500
100 _aECA
942 _cBK
654 _aELECTRONICS
245 _aThe Japanese Diode Data manual
260 _bBPB Pub
_aNew Delhi
_c1993
082 _a621.3815281
300 _a462
546 _aENGLISH
999 _c18625
_d18625